LEADER 01880nam0-2200313 --450 001 9911064426503321 005 20260223111628.0 010 $a978-88-15-39145-2 020 $aIT$b2025-2289 100 $a20260223d2025----kmuy0itay5050 ba 101 0 $aita$cita 102 $aIT 105 $aa 001yy 200 1 $a<>economia delle tasse$ecosa sono e come dovrebbero cambiare$fAlessandro Santoro 210 $aBologna$cIl mulino$d2025 215 $a217 p.$cill.$d21 cm 225 1 $aUniversale paperbacks Il mulino$v846 320 $aContiene riferimenti bibl. (pp. 213-217) 330 $aLe tasse sono un elemento centrale del rapporto tra cittadino e Stato democratico e del contratto sociale su cui esso si fonda. Rappresentano la più concreta manifestazione della cessione di libertà individuale che ognuno di noi fa in cambio della protezione, dei beni e dei servizi che lo Stato ci offre. Per questo è necessario occuparsene, non solo pagando le tasse, ma anche chiedendosi, e mettendo in discussione, come e perché sono concepite e applicate in un certo modo, e se vi possono essere alternative preferibili. L'autore si pone l'obiettivo di spiegare come ciascuno possa utilizzare i principi fondamentali dell'analisi economica per leggere e interpretare il sistema fiscale. Il volume si rivolge a lettori interessati al tema anche se privi di un background tecnico: gli argomenti sono illustrati in modo semplice e rigoroso, facendo ampio uso di esempi e approfondimenti sui temi al centro del dibattito pubblico. (Fonte: editore) 610 0 $aImposte 676 $a336.2$v23$zita 700 1$aSantoro,$bAlessandro$f<1970- >$0438184 801 0$aIT$bUNINA$gREICAT$2UNIMARC 901 $aBK 912 $a9911064426503321 952 $aCOLLEZ. 28 (846)$b227/2026$fFSPBC 959 $aFSPBC 996 $aEconomia delle tasse$94445638 997 $aUNINA LEADER 04054nam 2200661Ia 450 001 9910962685403321 005 20260219184835.0 010 $a94-012-0200-1 010 $a1-4237-9156-8 024 7 $a10.1163/9789401202008 035 $a(CKB)1000000000462422 035 $a(EBL)556830 035 $a(OCoLC)714567431 035 $a(SSID)ssj0000106204 035 $a(PQKBManifestationID)11982206 035 $a(PQKBTitleCode)TC0000106204 035 $a(PQKBWorkID)10106792 035 $a(PQKB)11323402 035 $a(MiAaPQ)EBC556830 035 $a(Au-PeEL)EBL556830 035 $a(CaPaEBR)ebr10380168 035 $a(nllekb)BRILL9789401202008 035 $a(EXLCZ)991000000000462422 100 $a20051017d2005 uy 0 101 0 $aeng 135 $aur|n|---||||| 181 $ctxt 182 $cc 183 $acr 200 00$aArts in exile in Britain 1933-1945 $epolitics and cultural identity /$fedited by Shulamith Behr and Marian Malet 205 $a1st ed. 210 $aAmsterdam ;$aNew York $cRodopi$dc2005 215 $a1 online resource (385 p.) 225 1 $aThe yearbook of the Research Centre for German and Austrian Exile Studies ;$v6 300 $aDescription based upon print version of record. 311 08$a90-420-1786-4 320 $aIncludes bibliographical references and index. 327 $aTable of Illustrations -- Preface -- Shulamith BEHR: Klaus E. Hinrichsen: The Art Historian behind 'Visual Art behind the Wire' -- ART AS POLITICS -- Duncan FORBES: Politics, Photography and Exile in the Life of Edith Tudor-Hart (1908-1973) -- Rebecca SCRAGG: Hanging Hitler: Joseph Flatter's Mein Kampf Illustrated Series, 1938-1942 -- Anna MÜLLER-HÄRLIN: Fred Uhlman's Internment Drawings -- BETWEEN THE PUBLIC AND THE DOMESTIC -- Margaret GARLAKE: A Minor Language? Three Émigré Sculptors and their Strategies of Assimilation -- Volker M. WELTER: Ernst L. Freud - Domestic Architect -- CREATING FRAMEWORKS -- Anna MÜLLER-HÄRLIN: 'It all happened in this street, Downshire Hill': Fred Uhlman and the Free German League of Culture -- Dorothea McEWAN: Exhibition as Morale Boosters. The Exhibition Programme of the Warburg Institute 1938-1945 -- Jutta VINZENT: Muteness as Utterance of a Forced Reality - Jack Bilbo's Modern Art Gallery (1941-1948) -- Ulrik RUNEBERG: Immigrant Picture Restorers of the German-speaking World in England from the 1930s to the Post-war Era -- Index. 330 $aThis volume focuses on the contribution of refugees from Nazism to the Arts in Britain. The essays examine the much neglected theme of art in internment and address the spheres of photography, political satire, sculpture, architecture, artists' organisations, institutional models, dealership and conservation. These are considered under the broad headings 'Art as Politics', 'Between the Public and the Domestic' and 'Creating Frameworks'. Such categories assist in posing questions regarding the politics of identity and gender, as well as providing an opportunity to explore the complex issues of cultural formation. The volume will be of interest to scholars and students of twentieth-century art history, museum and conservation studies, politics and cultural studies, in addition to those involved in German Studies and in German and Austrian Exile Studies. 410 0$aYearbook of the Research Centre for German and Austrian Exile Studies ;$v6. 606 $aArtists$zGermany$xHistory$y20th century 606 $aArtists$zAustria$xHistory$y20th century 606 $aExpatriate artists$zEngland 606 $aNational socialism and art 615 0$aArtists$xHistory 615 0$aArtists$xHistory 615 0$aExpatriate artists 615 0$aNational socialism and art. 676 $a700.943 701 $aBehr$b Shulamith$01894628 701 $aMalet$b Marian$01894629 801 0$bMiAaPQ 801 1$bMiAaPQ 801 2$bMiAaPQ 906 $aBOOK 912 $a9910962685403321 996 $aArts in exile in Britain 1933-1945$94546183 997 $aUNINA